Daily Capital City Riddle #113 - Statistics

General Stats
  • This quiz has been taken 37 times
  • The average score is 30 of 32
Answer Stats
Type Answer % Correct
Correctly Placed Letter A
100%
Found Letter A
100%
Alphabet Letter H
100%
Found Letter I
100%
Alphabet Letter N
100%
Found Letter O
100%
Alphabet Letter P
100%
Found Letter R
100%
Alphabet Letter S
100%
Alphabet Letter B
97%
Found Letter C
97%
Alphabet Letter D
97%
Alphabet Letter E
97%
Alphabet Letter L
97%
Alphabet Letter M
97%
Correctly Placed Letter O
97%
Alphabet Letter W
97%
Correctly Placed Letter C
94%
Alphabet Letter K
94%
Alphabet Letter T
94%
Alphabet Letter G
91%
Correctly Placed Letter R
91%
Alphabet Letter U
91%
Mystery Capital Cairo
88%
Alphabet Letter F
88%
Correctly Placed Letter I
88%
Alphabet Letter J
88%
Alphabet Letter Q
88%
Alphabet Letter V
88%
Alphabet Letter X
88%
Alphabet Letter Y
88%
Alphabet Letter Z
88%
No matching quizzes found
Score Distribution
Percent of People with Each Score
Percentile by Number Answered
Your Score History
You have not taken this quiz